000 00481nam a22001817a 4500
005 20251108164754.0
008 250721s1986 xx 000 0 ara d
082 1 4 _a811.9565/ناص
100 1 _aناصر، أمجد
245 1 0 _aرعاة العزلة /
264 1 _aعمان :
_bدار منارات،
_c1986.
300 _a156ص.
650 1 7 _aالشعر العربي
650 1 7 _aالأردن
650 1 7 _aالعصر الحديث
942 _2ddc
_cBK
999 _c14002
_d14002